Portraits d'empereurs romains - Statistiques

Statistiques générales
  • Ce quiz a été pris 143 fois
  • Le résultat moyen est 11 sur 20
Statistiques - réponses
Par images Réponse % Correct
Néron
88%
Auguste
84%
Hadrien
68%
Marc Aurèle
68%
Caligula
65%
Claude
65%
Constantin Ier
65%
Vespasien
62%
Trajan
60%
Caracalla
53%
Commode
51%
Domitien
45%
Septime Sévère
45%
Titus
45%
Antonin le Pieux
43%
Élagabal
42%
Tibère
40%
Nerva
31%
Lucius Verus
25%
Geta
23%
Aucun quiz correspondant
Distribution des résultats
% des personnes avec chaque résultat
Percentile par nombre de réponses
Votre historique - résultats
Vous n’avez pas pris ce quiz